| 000 | 00844nam a2200241 a 4500 | ||
|---|---|---|---|
| 005 | 20240910063933.0 | ||
| 008 | 140826s2010 mx r 000 0 spa d | ||
| 020 | _a9786079551711 (ADYSO) | ||
| 020 | _a9786074695335 (SEP) | ||
| 035 | _aUPN01000199136 | ||
| 049 | _aI | ||
| 050 | 4 |
_aPT2668 E4.4 _bV3.7 |
|
| 100 | 1 |
_aHeller, Eva, _d1948-2008 _935954 |
|
| 245 | 1 | 3 |
_aLa verdadera historia de los colores para niños amantes de la pintura / _ctexto e il. Eva Heller. |
| 260 |
_aMéxico : _bSEP : _bAdyso, _c2010. |
||
| 300 |
_a[44] p : _bil. col. |
||
| 440 | 0 |
_aLibros del rincón. _pPasos de luna |
|
| 534 |
_pTitulo original: _tDie wabre geschichte von allen farben für kinder, die gern malen |
||
| 650 | 4 |
_aCuentos infantiles alemanes _98589 |
|
| 650 | 2 |
_aColores _vLiteratura infantil _921262 |
|
| 905 | _aInfantil | ||
| 999 |
_c171237 _d171237 |
||